Concise atlas of the world

保存先:
書誌詳細
フォーマット: 図書
言語:Undetermined
出版事項: London A Dorling kindersley book 2005
主題:
タグ: タグ追加
タグなし, このレコードへの初めてのタグを付けませんか!
Thư viện lưu trữ: Trung tâm Học liệu Trường Đại học Cần Thơ
LEADER 00430nam a2200169Ia 4500
001 CTU_100160
008 210402s9999 xx 000 0 und d
020 |c 580000 
082 |a 912.22 
082 |b C744 
245 0 |a Concise atlas of the world 
260 |a London 
260 |b A Dorling kindersley book 
260 |c 2005 
650 |a Atlases 
904 |i Hiếu 
980 |a Trung tâm Học liệu Trường Đại học Cần Thơ